00849nam a2200253 a 450000100100000000500170001000800410002704000250006808200150009310000340010824501490014225000110029126000680030230000280037049000090039849000100040750000400041750000380045770000410049583000170053683000160055304900090056999900170057800002404220200930022652.0110118s1978 cr a r 000 | spa d aDO-SdBNPbspacBNPHU axxxbA696q1 aArias Sánchez, Oscar93255610a¿Quién gobierna en Costa Rica ? :bun estudio del liderazgo formal en Costa Rica /cOscar Arias Sánchez ; prólogo de Eugenio Rodríguez. a2a ed. aSan José, Costa Rica :bUniversitaria Centroamericana,c1978. a378 p. :bil. ;c19 cm. 0aSeis aMayor aIncluye apéndice y bibliografía aIncluye notas al pie de páginas1 aRodríguez, Eugenioepról.949404 0aMayor914111 0aSeis941413 aBNGR c23537d23537